000 00453nam a22001697a 4500
005 20251108172831.0
008 250721s1997 xx 000 0 ara d
082 1 4 _a616.001/قلع
100 1 _aقلعجية، وسيم خليل
245 1 0 _aمقدمة لفلسفة المرض /
264 _bدار نون للنشر،
_c1997.
300 _a200 ص
650 1 7 _aالأمراض
650 1 7 _aالفلسفة
942 _2ddc
_cBK
999 _c89623
_d89623